02929nam a2200181 a 450000100100000000500170001000800410002702000150006804000250008308200150010824501290012326000400025230000240029250517420031650506240205870000280268270000370271000001290420240305073651.0091118s2002 dr ac 000 0 spa d a9993487325 aDO-SdBNPbspacBNPHU axxxxbxxxx00aAntología literaria :beducación media /cilustración Ruddy Núñez ; editor Manuel García Cartagena (dominicano). aSanto Domingo :bSantillana,c2002. av. :bil. ;c27 cm.0 av. 1g1er. curso/Primer ciclogUnidad 1tPrimeras letras de la española --gUnidad 2tUn siglo perdido --gUnidad 3tLos primeros escritores criollos de la Española --gUnidad 4tEl difícil tránsito hacia la república --gUnidad 5tLos fundadores --gUnidad 6tEl nacimiento de una tradición --gUnidad 7tEl nacimiento de una historia --gUnidad 8tEl anhelo de un cambio --gUnidad 9tTiempos nuevos --gUnidad 10tEntre la esencia y el artificio --gUnidad 11tVirtudes neoclásicas --gUnidad 12tPasión de libertad --gv .2g2do. curso/Primer ciclogUnidad 1tEl prerromanticismo --gUnidad 2tEl romanticismo en hispanoamérica --gUnidad 3tObras maestras del romanticismo --gUnidad 4tLiteratura gauchesca. Realismo y costumbrismo --gUnidad 5tPreculsores del modernismo --gUnidad 6tEl período modernista --gUnidad 7tNeoclasicismo y prerromanticismo en Europa --gUnidad 8tEl romanticismo europeo --gUnidad 9tEl realismo en Europa --gUnidad 10tLa modernidad en Europa --gUnidad 11tEl final del siglo XIX en Europa --gUnidad 12tTeatro y pensamiento en Europa --gv. 3g1er. curso/ Segundo ciclogUnidad 1tEspaña en transición --gUnidad 2tPensadores españoles del novecentismo --gUnidad 3tLa lírica española de entreguerras --gUnidad 4tPoetas españoles de vanguardia --gUnidad 5tLetras española de la posguerra --gUnidad 6tLetras española contemporáneas --gUnidad 7tLetras de la " Belle epoque" --gUnidad 8tLetras de la época de entreguerras --gUnidad 9tGrandes novelistas alemanes --gUnidad 10tLetras francesas de la posguerra --gUnidad 11tLetras de la posguerra norteamericana --gUnidad 12tLetras europeas contemporáneas --tLetras en son de guerra --0 gv. 4g2do curso/ Segundo ciclogUnidad 1tPrimeros proyectos poéticos dominicanos --gUnidad 2tLetras dominicanas de los años 1940 --gUnidad 3tLetras en son de guerra --gUnidad 4tCon la letra de mujer --gUnidad 5tPoesía de la crisis, crisis de la poesía --gUnidad 6tLos nuevos prosistas --gUnidad 7tPoetas vanguardistas hispanoamericanos --gUnidad 8tNarrativa postmodernista hispanoamericana --gUnidad 9tHispanoaméricana: medio siglo de poetas --gUnidad 10tEl boom de la novela hispanoamericana --gUnidad 11tEscritoras hispanoamericanas --gUnidad 12tHispanoamérica: ¿que se cuenta hoy?12aNúñez, Ruddy ,eil.12aGarcía Cartagena, Manueleedi.